CHARLOTTE BINGHAM OUT OF THE BLUE (Record no. 3815)

MARC details
000 -LEADER
fixed length control field 00333nam a2200133Ia 4500
008 - FIXED-LENGTH DATA ELEMENTS--GENERAL INFORMATION
fixed length control field 240624s9999 xx 000 0 und d
041 ## - LANGUAGE CODE
Language code of text/sound track or separate title eng
082 ## - DEWEY DECIMAL CLASSIFICATION NUMBER
Classification number 823 BIN
100 ## - MAIN ENTRY--PERSONAL NAME
Personal name BINGHAM CHARLOTTE
245 ## - TITLE STATEMENT
Title CHARLOTTE BINGHAM OUT OF THE BLUE
260 ## - PUBLICATION, DISTRIBUTION, ETC.
Date of publication, distribution, etc. 2006
Place of publication, distribution, etc. London
Name of publisher, distributor, etc. Bantam books
300 ## - PHYSICAL DESCRIPTION
Extent 446 : p. : cm. ; 17
365 ## - TRADE PRICE
Currency code BPS
Holdings
Withdrawn status Lost status Damaged status Not for loan Home library Current library Shelving location Date acquired Source of acquisition Cost, normal purchase price Total Checkouts Total Holds Full call number Barcode Date last seen Date last checked out Copy number Price effective from Koha item type
        IMTN IMTN Rack 39-A 09/08/2006 WBD 3.25 2 702 823 BIN 3815 01/19/2025 01/08/2025 1 06/24/2024 Books
Designed & Maintained by: LRC IMT Nagpur Contact: lrc@imtnag.ac.in© 2024. All Rights Reserved.